The Low- frequency radio universe (Record no. 18086)
[ view plain ]
| 000 -LEADER | |
|---|---|
| fixed length control field | 00995nam a2200241Ia 4500 |
| 003 - CONTROL NUMBER IDENTIFIER | |
| control field | IN-BaIIA |
| 008 - FIXED-LENGTH DATA ELEMENTS--GENERAL INFORMATION | |
| fixed length control field | 211028s9999 xx 000 0 eng d |
| 020 ## - INTERNATIONAL STANDARD BOOK NUMBER | |
| International Standard Book Number | 978-1-58381--694-3 |
| 040 ## - CATALOGING SOURCE | |
| Transcribing agency | IIA Library |
| 080 ## - UNIVERSAL DECIMAL CLASSIFICATION NUMBER | |
| Universal Decimal Classification number | 082.2:52 |
| Item number | ASP-407 |
| 110 ## - MAIN ENTRY--CORPORATE NAME | |
| Corporate name or jurisdiction name as entry element | Astronomical Society of the Pacific |
| 9 (RLIN) | 1154 |
| 111 ## - MAIN ENTRY--MEETING NAME | |
| Meeting name or jurisdiction name as entry element | An Event Commemorating the Birth Centenary of Dr. Homi J. Bhabha |
| Location of meeting | Pune, India |
| Date of meeting or treaty signing | 2008 Dec. 8-12 |
| 9 (RLIN) | 34467 |
| 245 #4 - TITLE STATEMENT | |
| Title | The Low- frequency radio universe |
| Remainder of title | proceedings of an event commemorating the birth centenary of Dr. Homi J Bhabha held in Pune, India, December 8-12, 2008 |
| Statement of responsibility, etc. | edited by D. J. Saikia…[et al.] |
| 260 ## - PUBLICATION, DISTRIBUTION, ETC. | |
| Place of publication, distribution, etc. | San Francisco |
| Name of publisher, distributor, etc. | Astronomical Society of the Pacific |
| Date of publication, distribution, etc. | 2009 |
| 300 ## - PHYSICAL DESCRIPTION | |
| Extent | xxv, 457p. |
| 490 ## - SERIES STATEMENT | |
| Series statement | Astronomical Society of the Pacific conference series; v. 407 |
| 650 ## - SUBJECT ADDED ENTRY--TOPICAL TERM | |
| Topical term or geographic name entry element | Astronomy |
| 9 (RLIN) | 80 |
| 700 ## - ADDED ENTRY--PERSONAL NAME | |
| Personal name | Green, D. A., ed. |
| 9 (RLIN) | 34468 |
| 700 ## - ADDED ENTRY--PERSONAL NAME | |
| Personal name | Gupta, Y., ed. |
| 9 (RLIN) | 28516 |
| 700 ## - ADDED ENTRY--PERSONAL NAME | |
| Personal name | Saikia, D. J., ed. |
| 9 (RLIN) | 34469 |
| 700 ## - ADDED ENTRY--PERSONAL NAME | |
| Personal name | Venturi, T., ed. |
| 9 (RLIN) | 34470 |
| 942 ## - ADDED ENTRY ELEMENTS (KOHA) | |
| Koha item type | Books |
| 952 ## - LOCATION AND ITEM INFORMATION (KOHA) | |
| -- | 77.00 |
| Withdrawn status | Lost status | Damaged status | Not for loan | Home library | Current library | Shelving location | Date acquired | Total Checkouts | Full call number | Barcode | Date last seen | Price effective from | Koha item type |
|---|---|---|---|---|---|---|---|---|---|---|---|---|---|
| IIA Library-Bangalore | IIA Library-Bangalore | General Stacks | 25/07/2011 | 082.2:52/ ASP-407 | 19008 | 05/11/2021 | 25/07/2011 | Books |